IPD Pan-European property funds index (Record no. 83899)
[ view plain ]
| 000 -LEADER | |
|---|---|
| fixed length control field | 01087cad a22002055a 4500 |
| 001 - CONTROL NUMBER | |
| control field | L155708 |
| 008 - FIXED-LENGTH DATA ELEMENTS--GENERAL INFORMATION | |
| fixed length control field | 120404s2012 xxk 000 0 eng d |
| 035 ## - SYSTEM CONTROL NUMBER | |
| System control number | (Sirsi) u155708 |
| 041 0# - LANGUAGE CODE | |
| Language code of text/sound track or separate title | eng |
| 110 2# - MAIN ENTRY--CORPORATE NAME | |
| Corporate name or jurisdiction name as entry element | IPD |
| 245 00 - TITLE STATEMENT | |
| Title | IPD Pan-European property funds index |
| Remainder of title | open ended cross border funds - RICS valuations |
| 260 ## - PUBLICATION, DISTRIBUTION, ETC. | |
| Place of publication, distribution, etc. | London |
| Name of publisher, distributor, etc. | IPD $2 012 |
| 490 #0 - SERIES STATEMENT | |
| Series statement | IPD Pan-European Property Funds Index |
| Volume/sequential designation | results for the quarter to 31 December 2011 |
| 520 ## - SUMMARY, ETC. | |
| Summary, etc. | The IPD Pan-European Property Funds Index tracks the latest quarterly performance of pan-European open ended funds with a RICS valuation methodology. This new consultative index aims to report investor returns available from the pan-European property funds market place. It measures net asset value total returns from one valuation to the next. Q4 2011 returned 0.9%. |
| 590 ## - LOCAL NOTE (RLIN) | |
| Local note | KA |
| 651 #4 - SUBJECT ADDED ENTRY--GEOGRAPHIC NAME | |
| Geographic name | Europe |
| 690 ## - LOCAL SUBJECT ADDED ENTRY--TOPICAL TERM (OCLC, RLIN) | |
| Topical term or geographic name as entry element | Commercial property |
| 9 (RLIN) | 6227 |
| 856 40 - ELECTRONIC LOCATION AND ACCESS | |
| Uniform Resource Identifier | <a href="https://www1.ipd.com/Pages/DNNPage.aspx?DestUrl=http%3a%2f%2fwww.ipd.com%2fsharepoint.aspx%3fTabId%3d2110">https://www1.ipd.com/Pages/DNNPage.aspx?DestUrl=http%3a%2f%2fwww.ipd.com%2fsharepoint.aspx%3fTabId%3d2110</a> |
| Public note | View the summary report at www1.ipd.com |
| 942 ## - ADDED ENTRY ELEMENTS (KOHA) | |
| Suppress in OPAC | 0 |
| Withdrawn status | Lost status | Source of classification or shelving scheme | Damaged status | Not for loan | Home library | Current library | Shelving location | Date acquired | Total Checkouts | Full call number | Barcode | Date last seen | Copy number | Price effective from | Koha item type |
|---|---|---|---|---|---|---|---|---|---|---|---|---|---|---|---|
| Dewey Decimal Classification | Virtual | Virtual | Online | 04/04/2012 | ONLINE PUBLICATION | 155708-2001 | 06/08/2019 | 1 | 06/08/2019 | Book |